| 000 | 01510cam a2200337 a 4500 | ||
|---|---|---|---|
| 001 | 14775836 | ||
| 005 | 20161024135457.0 | ||
| 008 | 070320s2008 okua 000 0 eng | ||
| 010 | _a 2007011741 | ||
| 020 | _a9781593700560 (hardcover) | ||
| 020 | _a1593700563 (hardcover) | ||
| 035 | _a(OCoLC)ocn105441235 | ||
| 035 | _a(OCoLC)105441235 | ||
| 040 |
_aDLC _cDLC _dYDX _dBAKER _dBTCTA _dYDXCP _dDLC |
||
| 050 | 0 | 0 |
_aTN870.5 _b.S28 2008 |
| 082 | 0 | 0 |
_a622.3382 _222 _bPRA |
| 100 | 1 |
_95370 _aSatter, Abdus |
|
| 245 | 1 | 0 |
_aPractical enhanced reservoir engineering : _bassisted with simulation software / _cAbdus Satter, Ghulam M. Iqbal, James L. Buchwalter. |
| 260 |
_aTulsa, Okla. : _bPennWell Corp., _cc2008. |
||
| 300 |
_axvii, 688 p. : _bill. ; _c29 cm. |
||
| 650 | 0 |
_aPetroleum _xGeology _xData processing. _95371 |
|
| 650 | 0 |
_aPetroleum engineering _xData processing. _95372 |
|
| 650 | 0 |
_aOil reservoir engineering _xData processing. _95373 |
|
| 700 | 1 |
_aIqbal, Ghulam M. _95374 |
|
| 700 | 1 |
_aBuchwalter, James L. _95375 |
|
| 856 | 4 | 1 |
_3Table of contents only _uhttp://www.loc.gov/catdir/toc/ecip0714/2007011741.html |
| 856 | 4 | 2 |
_3Contributor biographical information _uhttp://www.loc.gov/catdir/enhancements/fy0810/2007011741-b.html |
| 856 | 4 | 2 |
_3Publisher description _uhttp://www.loc.gov/catdir/enhancements/fy0810/2007011741-d.html |
| 942 |
_2ddc _cBB |
||
| 999 |
_c11641 _d11641 |
||